El CONALEP es nueva alternativa para la juventud : a partir de 1978 (Record no. 64644)

MARC details
000 -CABECERA
campo de control de longitud fija 00553nam a2200181 a 4500
005 - FECHA Y HORA DE LA ÚLTIMA TRANSACCIÓN
campo de control 20210219152943.0
008 - ELEMENTOS DE LONGITUD FIJA--INFORMACIÓN GENERAL
campo de control de longitud fija 991125n 000 0 spa u
035 ## - NÚMERO DE CONTROL DEL SISTEMA
Número de control de sistema UPN01000068645
222 ## - TÍTULO CLAVE
Título clave COMUNICACION EDUCATIVA
245 ## - MENCIÓN DE TÍTULO
Título El CONALEP es nueva alternativa para la juventud : a partir de 1978
300 ## - DESCRIPCIÓN FÍSICA
Extensión 16
362 ## - FECHAS DE PUBLICACIÓN Y/O DESIGNACIÓN SECUENCIAL
Fecha de publicación y/o designación secuencial 1981 Año 2, no. 13 nov.
653 0# - TERMINO DE INDIZACION - NO CONTROLADO
Término no controlado COLEGIO NACIONAL DE EDUCACION PROFESIONAL TECNICA (MEXICO)
653 0# - TERMINO DE INDIZACION - NO CONTROLADO
Término no controlado EDUCACION MEDIA SUPERIOR
653 0# - TERMINO DE INDIZACION - NO CONTROLADO
Término no controlado EDUCACION TECNICA
904 ## - ELEMENTOS DE DATOS D LOCAL, LDD (RLIN)
a AC
b 006456
905 ## - TIPO DE MATERIAL
Tipo de material Articulo

No items available.